<?xml version="1.0" encoding="UTF-8"?>
<record
    xmlns:xsi="http://www.w3.org/2001/XMLSchema-instance"
    xsi:schemaLocation="http://www.loc.gov/MARC21/slim http://www.loc.gov/standards/marcxml/schema/MARC21slim.xsd"
    xmlns="http://www.loc.gov/MARC21/slim">

  <leader>01309nam a22001577a 4500</leader>
  <controlfield tag="008">141211b        xxu||||| |||| 00| 0 eng d</controlfield>
  <datafield tag="020" ind1=" " ind2=" ">
    <subfield code="a">9968899208</subfield>
  </datafield>
  <datafield tag="082" ind1=" " ind2=" ">
    <subfield code="a">701.17</subfield>
    <subfield code="b">M831d</subfield>
  </datafield>
  <datafield tag="100" ind1=" " ind2=" ">
    <subfield code="a">Morawski,Stefan</subfield>
    <subfield code="9">1872</subfield>
  </datafield>
  <datafield tag="245" ind1=" " ind2=" ">
    <subfield code="a">De la est&#xE9;tica a la filosofia de la cultura </subfield>
    <subfield code="c">Stefan Morawski</subfield>
  </datafield>
  <datafield tag="260" ind1=" " ind2=" ">
    <subfield code="a">San Jos&#xE9;, Costa Rica</subfield>
    <subfield code="b">Teor&#xE9;tica </subfield>
    <subfield code="c">2006</subfield>
  </datafield>
  <datafield tag="300" ind1=" " ind2=" ">
    <subfield code="a">423 p.;</subfield>
    <subfield code="b">ill (col)</subfield>
    <subfield code="c">232 cm.</subfield>
  </datafield>
  <datafield tag="505" ind1=" " ind2=" ">
    <subfield code="t">Desiderio Navarro</subfield>
    <subfield code="t">Anna Zeidler-Janiszewka : Breve introducci&#xF3;n polaca a la lectura de los escritos de Stefan Morawski.</subfield>
    <subfield code="t">Las principales corrientes de la est&#xE9;tica del siglo XX</subfield>
    <subfield code="t">La est&#xE9;tica de orientaci&#xF3;n cient&#xED;fica </subfield>
    <subfield code="t">La est&#xE9;tica conducida por la ideolog&#xED;a </subfield>
    <subfield code="t">La est&#xE9;tica de los artistas </subfield>
    <subfield code="t">La concepci&#xF3;n de la obra de arte anta&#xF1;o y hoy </subfield>
    <subfield code="t">Reflexiones sobre la creaci&#xF3;n </subfield>
    <subfield code="t">Arte f&#xE1;cil y arte dificil (Bosquejo de la problematica introductoria)</subfield>
    <subfield code="t">Arte masivo y arte elitario: en pro y en contra </subfield>
    <subfield code="t">Del etos del arte al etos del artista fuera del arte </subfield>
    <subfield code="t">La vanguardia art&#xED;stica (sobre las dos formaciones del siglo xx)</subfield>
    <subfield code="t">Sobre la filosof&#xED;a del arte y la crisis del racionalismo</subfield>
    <subfield code="t">Reflexiones pol&#xE9;micas sobre el posmodernismo</subfield>
    <subfield code="t">Sobre la as&#xED; llamada crisis de la cultura en relaci&#xF3;n con el pos moderno(ismo)</subfield>
  </datafield>
  <datafield tag="650" ind1=" " ind2=" ">
    <subfield code="a">Est&#xE9;tica, Arte y Filosof&#xED;a</subfield>
    <subfield code="v">Posmodernismo</subfield>
    <subfield code="9">1873</subfield>
  </datafield>
  <datafield tag="700" ind1=" " ind2=" ">
    <subfield code="a">Morawski,Stefan</subfield>
    <subfield code="9">1874</subfield>
  </datafield>
  <datafield tag="999" ind1=" " ind2=" ">
    <subfield code="c">394</subfield>
    <subfield code="d">394</subfield>
  </datafield>
  <datafield tag="952" ind1=" " ind2=" ">
    <subfield code="0">0</subfield>
    <subfield code="1">0</subfield>
    <subfield code="2">ddc</subfield>
    <subfield code="4">0</subfield>
    <subfield code="7">0</subfield>
    <subfield code="a">LV</subfield>
    <subfield code="b">LV</subfield>
    <subfield code="c">Pensamiento</subfield>
    <subfield code="d">2014-12-11</subfield>
    <subfield code="l">0</subfield>
    <subfield code="o">701.17 M831d</subfield>
    <subfield code="p">000350</subfield>
    <subfield code="r">2014-12-11 00:00:00</subfield>
    <subfield code="w">2014-12-11</subfield>
    <subfield code="y">01</subfield>
  </datafield>
</record>
